[Event "Let's Play Chess!"]
[Site "http://www.queenalice.com/game.php?id=813438"]
[Date "2010.8.5"]
[Round "-"]
[White "mark1504"]
[Black "Seneca"]
[Result "0-1"]
[WhiteElo "1449"]
[BlackElo "1475"]

1. c4 c5 2. e4 Nc6 3. Nf3 e5 4. Be2 Nf6 5. d3 d6 6. O-O Be7 7. Be3 O-O 8. Nbd2
Qb6 9. b3 Ng4 10. h3 Nxe3 11. fxe3 Qa5 12. a4 Be6 13. d4 exd4 14. exd4 cxd4 15.
g4 Bf6 16. g5 Bxg5 17. Nxg5 Qxg5+ 18. Bg4 h5 19. Kh2 hxg4 20. hxg4 Bxg4 21. Qe1
Nb4 22. Qf2 Nd3 23. Qg2 Nf4 24. Qf2 Qh6+ 25. Kg1 Ne2+ 26. Kg2 Qh3# 0-1

[Event "Let's Play Chess!"]
[Site "http://www.queenalice.com/game.php?id=813439"]
[Date "2010.8.5"]
[Round "-"]
[White "Scaracioli"]
[Black "mark1504"]
[Result "1-0"]
[WhiteElo "1625"]
[BlackElo "1478"]

1. e4 e5 2. Nf3 Nc6 3. d4 Qf6 4. d5 Nd4 5. c3 Nxf3+ 6. Qxf3 Bc5 7. b4 Bb6 8. a4
g5 9. a5 Bd4 10. cxd4 exd4 11. Bb2 Qb6 12. axb6 1-0

[Event "AUTO-INT-1780"]
[Site "http://www.queenalice.com/game.php?id=813628"]
[Date "2010.8.5"]
[Round "1"]
[White "yannigator"]
[Black "mark1504"]
[Result "1-0"]
[WhiteElo "1328"]
[BlackElo "1482"]

1. e4 e5 2. Nf3 Nc6 3. Bc4 Nh6 4. d4 exd4 5. Nxd4 Bc5 6. Nxc6 bxc6 7. Bxh6 Qg5
8. Bxg5 f6 9. Bf4 g5 10. Qh5+ Kd8 11. Qh6 gxf4 12. Qxf6+ Ke8 13. Qxh8+ Bf8 14.
Qxh7 Bb7 15. Qf7+ Kd8 16. Qxf8# 1-0

[Event "AUTO-INT-1780"]
[Site "http://www.queenalice.com/game.php?id=813629"]
[Date "2010.8.5"]
[Round "1"]
[White "mark1504"]
[Black "yannigator"]
[Result "0-1"]
[WhiteElo "1448"]
[BlackElo "1350"]

1. c4 Nf6 2. d4 g6 3. e3 Bg7 4. Bd3 O-O 5. Nc3 d5 6. c5 c6 7. f4 b6 8. b4 Bg4 9.
Be2 Bxe2 10. Ncxe2 Nbd7 11. Ng3 bxc5 12. bxc5 Qa5+ 13. Bd2 Qa6 14. N1e2 Rfb8 15.
O-O Rb7 16. a4 Ne4 17. Nxe4 dxe4 18. f5 Nxc5 19. dxc5 Bxa1 20. fxg6 hxg6 21. Rf4
Be5 22. Rxe4 f6 23. Rh4 Kg7 24. e4 Rh8 25. Rg4 Bxh2+ 26. Kf2 Be5 27. Bf4 Bxf4
28. Nxf4 g5 29. Qb1 Rxb1 30. Ne6+ Kf7 31. Nc7 Rb2+ 0-1

[Event "AUTO-INT-1780"]
[Site "http://www.queenalice.com/game.php?id=813648"]
[Date "2010.8.5"]
[Round "1"]
[White "mark1504"]
[Black "xmballd"]
[Result "0-1"]
[WhiteElo "1385"]
[BlackElo "1673"]

1. c4 c5 2. e4 Nc6 3. Nf3 e5 4. d3 Nf6 5. Be3 d6 6. Nc3 Be7 7. Qe2 O-O 8. O-O-O
Bg4 9. h3 Bxf3 10. Qxf3 Nd4 11. Qg3 Rb8 12. Bh6 Ne8 13. Nd5 Bh4 14. Qg4 Kh8 15.
Be3 b5 16. g3 Be7 17. h4 bxc4 18. h5 Nf6 19. Qh3 Nxd5 20. h6 g6 21. Bxd4 cxd4
22. dxc4 Nb6 23. b3 a5 24. f4 a4 25. fxe5 dxe5 26. Be2 axb3 27. axb3 Qd6 28. Kd2
Bg5+ 29. Kd3 Qb4 30. Kc2 Qc3+ 31. Kb1 Qxb3+ 32. Ka1 Ra8# 0-1

[Event "AUTO-INT-1780"]
[Site "http://www.queenalice.com/game.php?id=813649"]
[Date "2010.8.5"]
[Round "1"]
[White "xmballd"]
[Black "mark1504"]
[Result "1-0"]
[WhiteElo "1609"]
[BlackElo "1413"]

1. d4 d5 2. Nf3 f5 3. c4 dxc4 4. Nc3 g6 5. Bg5 h6 6. Bf4 g5 7. Be5 Rh7 8. e4 Nc6
9. Bxc4 Nxe5 10. Nxe5 Bg7 11. Bxg8 Bxe5 12. Bxh7 Bxd4 13. O-O fxe4 14. Nxe4 Qd5
15. Re1 Qc4 16. Rc1 Qd5 17. Nf6+ Bxf6 18. Qxd5 e6 19. Rxe6+ Bxe6 20. Qxe6+ Kd8
21. Rd1+ Bd4 22. Rxd4# 1-0

[Event "Let's Play Chess!"]
[Site "http://www.queenalice.com/game.php?id=813790"]
[Date "2010.8.5"]
[Round "-"]
[White "mark1504"]
[Black "Seneca"]
[Result "0-1"]
[WhiteElo "1468"]
[BlackElo "1401"]

1. e4 e6 2. Nc3 d5 3. e5 c5 4. Bb5+ Bd7 5. a4 a6 6. Bxd7+ Nxd7 7. Qf3 Nxe5 8.
Qf4 Bd6 9. Qe3 d4 10. Qg3 dxc3 11. Qxg7 Nf6 12. Qxh8+ Bf8 13. dxc3 Ng6 14. Qxf8+
Kxf8 15. Bh6+ Kg8 16. Rd1 Qb6 17. Nf3 Qxb2 18. Rd2 Ne4 19. Rg1 Nxd2 20. Kxd2
Rd8+ 0-1

[Event "Let's Play Chess!"]
[Site "http://www.queenalice.com/game.php?id=813792"]
[Date "2010.8.5"]
[Round "-"]
[White "Seneca"]
[Black "mark1504"]
[Result "1-0"]
[WhiteElo "1505"]
[BlackElo "1434"]

1. d4 d5 2. c4 dxc4 3. Nc3 Nf6 4. e4 Bg4 5. f3 Bd7 6. Bxc4 e6 7. Be3 Qe7 8. Nge2
Nc6 9. a3 g6 10. e5 Nh5 11. g4 Ng7 12. Ne4 O-O-O 13. Bg5 f6 14. exf6 Qf7 15.
fxg7 Bxg7 16. Bxd8 Kxd8 17. O-O Re8 18. d5 exd5 19. Bxd5 Qf8 20. Bxc6 bxc6 21.
Qa4 c5 22. Qxa7 Bb5 23. Rfd1+ Bd4+ 24. Nxd4 Qf4 25. Ne6+ 1-0

[Event "AUTO-INT-1781"]
[Site "http://www.queenalice.com/game.php?id=814213"]
[Date "2010.8.6"]
[Round "1"]
[White "LEOKnopp"]
[Black "mark1504"]
[Result "1-0"]
[WhiteElo "1508"]
[BlackElo "1362"]

1. e4 e5 2. Bc4 c5 3. Qf3 Nh6 4. d4 Qa5+ 5. Bd2 Qa4 6. b3 Qc6 7. Bxh6 f6 8. d5
Qb6 9. Na3 Qa5+ 10. Bd2 Qb6 11. Nb5 d6 12. a4 Be7 13. Ba5 Qxa5+ 14. c3 a6 15.
Qh5+ g6 16. Qh6 Bd7 17. Qg7 axb5 18. Qxh8+ Bf8 19. Ne2 bxc4 20. Qxh7 b5 21.
Qxg6+ Kd8 22. Qxf6+ Be7 23. Qg7 b4 24. Nf4 exf4 25. O-O cxb3 26. cxb4 Qxb4 27.
a5 b2 28. Rab1 Bb5 29. Qg8+ Be8 30. Rfd1 Rxa5 31. e5 dxe5 32. d6 Bf6 33. Qe6 Bh4
34. Qh3 Bf6 35. Qe6 Bg5 36. Qg8 Bh4 37. d7 1-0

[Event "AUTO-INT-1781"]
[Site "http://www.queenalice.com/game.php?id=814214"]
[Date "2010.8.6"]
[Round "1"]
[White "mark1504"]
[Black "LEOKnopp"]
[Result "0-1"]
[WhiteElo "1428"]
[BlackElo "1465"]

1. c4 e5 2. e4 Bc5 3. Nf3 b6 4. Nxe5 d6 5. Nd3 Qf6 6. Qa4+ Bd7 7. Qb3 Nc6 8. Nc3
Nd4 9. Qd1 Nh6 10. g3 Nf3+ 11. Ke2 Bg4 12. h3 Nd4+ 13. Ke1 Bxd1 14. Nxd1 Nc2+
15. Ke2 Nxa1 0-1

[Event "AUTO-INT-1781"]
[Site "http://www.queenalice.com/game.php?id=814227"]
[Date "2010.8.6"]
[Round "1"]
[White "H3nri_AnArquiA_"]
[Black "mark1504"]
[Result "1-0"]
[WhiteElo "1489"]
[BlackElo "1411"]

1. e4 e5 2. Nf3 Nc6 3. c3 Nf6 4. d3 Bc5 5. Be2 O-O 6. Bg5 d6 7. a4 Be6 8. b4 Bb6
9. a5 h6 10. Bxf6 Qxf6 11. axb6 cxb6 12. b5 Ne7 13. c4 g5 14. Nc3 g4 15. Nd2 h5
16. f3 Ng6 17. g3 a6 18. O-O h4 19. fxg4 Qg5 20. Nd5 Bxg4 21. Bxg4 hxg3 22. h3
Kg7 23. Rf5 Qh6 24. Rh5 Qxh5 25. Bxh5 Nh4 26. Qg4+ Kh6 27. Qxh4 Rg8 28. Bxf7+
Kg7 29. Qf6+ Kf8 30. Bxg8+ Kxg8 31. Ne7+ Kh7 32. Qf7+ Kh6 33. Qg6# 1-0

[Event "AUTO-INT-1781"]
[Site "http://www.queenalice.com/game.php?id=814228"]
[Date "2010.8.6"]
[Round "1"]
[White "mark1504"]
[Black "H3nri_AnArquiA_"]
[Result "1-0"]
[WhiteElo "1390"]
[BlackElo "1510"]

1. c4 c6 2. d4 d5 3. c5 b5 4. b4 Bf5 5. Nd2 Nf6 6. e3 a5 7. Ba3 a4 8. Qf3 Ne4 9.
Qxf5 e6 10. Qh3 Nxd2 11. Kxd2 Qf6 12. Rc1 Qxf2+ 13. Be2 Qf6 14. Nf3 Nd7 15. Rcf1
Qd8 16. g4 Nf6 17. Ne5 Rc8 18. g5 Ne4+ 19. Kc2 Rc7 20. Bh5 Nxg5 21. Qg4 Be7 22.
Bxf7+ Kf8 23. Bxe6+ Bf6 24. Rf5 Re7 25. Nxc6 Qc7 26. Nxe7 Qxe7 27. Bxd5 Qxe3 28.
Bc1 Qe7 29. Bxg5 1-0

[Event "AUTO-INT-1781"]
[Site "http://www.queenalice.com/game.php?id=814237"]
[Date "2010.8.6"]
[Round "1"]
[White "mark1504"]
[Black "marcosbratz"]
[Result "0-1"]
[WhiteElo "1381"]
[BlackElo "1703"]

1. c4 Nf6 2. d4 e6 3. Nc3 Bb4 4. Nf3 Bxc3+ 5. bxc3 O-O 6. Qd3 b6 7. Bg5 Bb7 8.
h4 d6 9. Bh6 gxh6 10. d5 exd5 11. Nd4 Ba6 12. Qg3+ Kh8 13. Nf5 Rg8 14. Qf4 Rg4
15. Qe3 Bxc4 16. g3 Nbd7 17. Nxh6 Rg7 18. Bh3 Ne5 19. Nf5 Nfg4 20. Bxg4 Nxg4 21.
Qd4 Qf6 22. Nxg7 Qxg7 23. Qd2 Re8 24. e3 Ne5 25. O-O-O Bxa2 26. Qxa2 Nc4 27. Rd4
a5 28. Kc2 c6 29. Qa4 b5 30. Qa1 Qe5 31. Kb3 c5 32. Qd1 cxd4 33. cxd4 Qf5 0-1

[Event "AUTO-INT-1781"]
[Site "http://www.queenalice.com/game.php?id=814238"]
[Date "2010.8.6"]
[Round "1"]
[White "marcosbratz"]
[Black "mark1504"]
[Result "1-0"]
[WhiteElo "1699"]
[BlackElo "1389"]

1. e4 e5 2. Nf3 Nc6 3. Bb5 Nd4 4. Nxd4 exd4 5. d3 c6 6. Ba4 b5 7. Bb3 Nf6 8. c3
Qa5 9. Bd2 d5 10. cxd4 Qb6 11. exd5 cxd5 12. O-O Qxd4 13. Bc3 Qh4 14. Bxf6 Bd6
15. Bxh4 f6 16. Bxd5 Rb8 17. Re1+ Kd8 18. Bg3 Bxg3 19. fxg3 Rb6 20. Nc3 b4 21.
Na4 Rb5 22. Bc4 Ra5 23. Rc1 h5 24. Qe2 Rxa4 25. Qe7# 1-0

[Event "alecar96pp"]
[Site "http://www.queenalice.com/game.php?id=819113"]
[Date "2010.8.16"]
[Round "2"]
[White "mark1504"]
[Black "AuntieRenie"]
[Result "0-1"]
[WhiteElo "1398"]
[BlackElo "1570"]

1. c4 Nf6 2. d4 d6 3. b3 g6 4. Bf4 Bg7 5. e3 Ne4 6. f3 Nf6 7. e4 b6 8. d5 Nfd7
9. g4 Bxa1 10. Ne2 Be5 11. Na3 O-O 12. Bh6 Bg7 13. g5 Ne5 14. Qa1 Nxf3+ 15. Kd1
Bxa1 0-1